Analysis II (Record no. 309468)

MARC details
000 -LEADER
fixed length control field 00560nam a22002177a 4500
005 - DATE & TIME
control field 20231207115127.0
008 - FIXED-LENGTH DATA ELEMENTS--GENERAL INFORMATION
fixed length control field 231207b |||||||| |||| 00| 0 eng d
020 ## - ISBN
International Standard Book Number 9788195196128
Price Rs. 595.00
040 ## - CATALOGING SOURCE
Original cataloging agency VIVEKANANDA LIBRARY
082 ## - DDC NUMBER
Classification number 515
Book Number T159A(4)
100 ## - MAIN ENTRY--PERSONAL NAME
Personal name Tao, Terence
245 ## - TITLE STATEMENT
Title Analysis II
250 ## - EDITION STATEMENT
Edition statement 4th
260 ## - PUBLICATION, DISTRIBUTION, ETC. (IMPRINT)
Place of publication, distribution, etc New Delhi
Name of publisher, distributor, etc Hindustan Book Agency (India)
Date of publication, distribution, etc 2022
300 ## - PHYSICAL DESCRIPTION
Pages xiv, 223
440 ## - Series Statement
Series Title Test ans readings in mathematics; 38
650 ## - Subject
Subject Mathematics
650 ## - Subject
Subject Analysis
700 ## - Added Entry Personal Name
Added Entry Personal Name Seshadri, C S, S, ed.
942 ## - ADDED ENTRY ELEMENTS (KOHA)
Koha item type Books
Holdings
Withdrawn status Lost status Source of classification or shelving scheme Damaged status Not for loan Location (home branch) Sublocation or collection (holding branch) Shelving location Date acquired Koha issues (times borrowed) Koha full call number Accession No. Koha date last seen Koha item type
    Dewey Decimal Classification     VIVEKANANDA LIBRARY VIVEKANANDA LIBRARY Maths Library 07/12/2023   515 T159A(4) 415037 07/12/2023 Books
    Dewey Decimal Classification     VIVEKANANDA LIBRARY VIVEKANANDA LIBRARY Maths Library 07/12/2023   515 T159A(4) 415038 07/12/2023 Books
    Dewey Decimal Classification     VIVEKANANDA LIBRARY VIVEKANANDA LIBRARY Maths Library 07/12/2023   515 T159A(4) 415039 07/12/2023 Books
    Dewey Decimal Classification     VIVEKANANDA LIBRARY VIVEKANANDA LIBRARY Maths Library 07/12/2023   515 T159A(4) 415040 07/12/2023 Books
    Dewey Decimal Classification     VIVEKANANDA LIBRARY VIVEKANANDA LIBRARY Maths Library 07/12/2023   515 T159A(4) 415041 07/12/2023 Books
© Designed and Maintained by Vivekananda Library, MDU Rohtak